| 000 | 00851nam a22001337a 4500 | ||
|---|---|---|---|
| 040 | _cRUA | ||
| 082 | _aAVM THA 2010 B092 or.1 | ||
| 100 | _aTHANG SORT | ||
| 245 | _aStudy on medication usage on diarrhe of suckling piglet at preaksamrong farm of c.p company in takhmoa district, kandal province, (សិក្សាពីការប្រើប្រាស់ឱសថលើជំងឺរាកកូនជ្រូក ក្នុងអំឡុងពេលបៅដោះនៅកសិដ្ឋានព្រែកសំរោងរបស់ក្រុមហ៊ុន ស៊ី ភី ស្រុកតាខ្មៅ ខេត្តកណ្ដាល) | ||
| 260 |
_aphnom penh _brua _c2010 |
||
| 300 |
_aviii, 43p. _bill. _c29cm. |
||
| 856 | _uhttps://drive.google.com/file/d/1mKxpZ2liLeI-ULtoLCACgb8nrdj5eRae/view?usp=sharing | ||
| 942 | _cAVM | ||
| 999 |
_c2408 _d2408 |
||